| 000 | 00486nam a22001697a 4500 | ||
|---|---|---|---|
| 008 | 230511b |||||||| |||| 00| 0 eng d | ||
| 040 |
_aNational Science Library _cNational Science Library |
||
| 080 |
_a808.67.03 _bK9;1 |
||
| 100 |
_aChakraborty, Ashit _98597 |
||
| 245 | _aTranslation in medieval Bulgaria | ||
| 260 |
_aCalcutta: _bIndranath Mojumder, _c1969 |
||
| 300 | _axiv, 80p. | ||
| 365 |
_b15.00 _cINR |
||
| 650 | _aLanguage | ||
| 653 | _aTranslater | ||
| 942 |
_2udc _cREF |
||
| 999 |
_c28891 _d28891 |
||